A practical treatise on the law of tithes (Record no. 113978)

MARC details
000 -LEADER
fixed length control field 00600cam a22001935a 4500
001 - CONTROL NUMBER
control field L156012
008 - FIXED-LENGTH DATA ELEMENTS--GENERAL INFORMATION
fixed length control field 120424s1822 xxk f 000 0 eng d
035 ## - SYSTEM CONTROL NUMBER
System control number (Sirsi) u156012
041 0# - LANGUAGE CODE
Language code of text/sound track or separate title eng
100 1# - MAIN ENTRY--PERSONAL NAME
Personal name Mirehouse, John
Dates associated with a name 1789-1850
245 02 - TITLE STATEMENT
Title A practical treatise on the law of tithes
250 ## - EDITION STATEMENT
Edition statement 2nd ed., with additions
260 ## - PUBLICATION, DISTRIBUTION, ETC.
Place of publication, distribution, etc. London
Name of publisher, distributor, etc. Printed by A. Strahan for J. Butterworth and J. Cooke
Date of publication, distribution, etc. 1822
300 ## - PHYSICAL DESCRIPTION
Extent xliv, 336 p.
Dimensions 24 cm.
583 ## - ACTION NOTE
Action Condition reviewed
Time/date of action 20120620
Status condition level 4
651 #4 - SUBJECT ADDED ENTRY--GEOGRAPHIC NAME
Geographic name Great Britain
Chronological subdivision 1707-
690 ## - LOCAL SUBJECT ADDED ENTRY--TOPICAL TERM (OCLC, RLIN)
Topical term or geographic name as entry element Finance and taxation
942 ## - ADDED ENTRY ELEMENTS (KOHA)
Suppress in OPAC 0
Holdings
Withdrawn status Lost status Source of classification or shelving scheme Damaged status Not for loan Home library Current library Shelving location Date acquired Total Checkouts Full call number Barcode Date last seen Copy number Price effective from Koha item type
    Dewey Decimal Classification     Historic collection Historic collection Historic collection 24/04/2012   QUARTO 1822 MIREHOUSE 30077900 06/08/2019 1 06/08/2019 Book